| 000 | 00917nam a22002657a 4500 | ||
|---|---|---|---|
| 001 | 8385 | ||
| 003 | FISKH | ||
| 005 | 20250910115132.0 | ||
| 008 | 250910b cb ||||| |||| 00| 0 eng d | ||
| 020 | _a9781405900928 | ||
| 040 |
_aFISKH _beng _cFISKH _dFISKH |
||
| 082 | _a823.914 | ||
| 100 | _aBBC | ||
| 245 |
_aThat's my picture! / _cBy BBC |
||
| 260 |
_aLondon : _bBBC Children's , _c2005 . |
||
| 300 |
_a32 unnumbered pages : _bcolor illustrations ; _c18 cm . |
||
| 490 | _aTweenies | ||
| 505 | _aG | ||
| 520 | _aMilo is painting a picture of a cat. But when he leaves it alone for a moment, Bella comes along and adds a body to what she thinks is a rabbit. Then Fizz adds legs to the 'horse'. And Jake adds stripes to the 'zebra' | ||
| 521 | 8 |
_a400
_bLexile estimate |
|
| 521 | 8 |
_aG
_bRaz-Plus |
|
| 700 |
_aMagic island _eIllustrator |
||
| 942 |
_2ddc _cBK _n0 |
||
| 999 |
_c8385 _d8385 |
||